logo

Bir Sreshtho Munshi Abdur Rouf Library
Jhenaidah Cadet College

ফাউন্ডেশন এন্ড আর্থ / (Record no. 304)

MARC details
000 -LEADER
fixed length control field 00886nam a2200265 a 4500
001 - CONTROL NUMBER
JCCL Control Number 304
003 - CONTROL NUMBER IDENTIFIER
JCCL marc code BD-JhCC
005 - DATE AND TIME OF LATEST TRANSACTION
control field 20220606134024.0
008 - FIXED-LENGTH DATA ELEMENTS--GENERAL INFORMATION
fixed length control field 171003s2011 b |||| |||| 000 0 ben d
020 ## - INTERNATIONAL STANDARD BOOK NUMBER
International Standard Book Number 9789848088159
035 ## - SYSTEM CONTROL NUMBER
system control number (BD-JhCC) 304
040 ## - CATALOGING SOURCE
Original cataloging agency BD-JhCC
Modifying agency BD-JhCC
041 ## - LANGUAGE CODE
Language code of Book ben
082 ## - DEWEY DECIMAL CLASSIFICATION NUMBER
DDC Edition number 23
Classification number 813.54
Author mark and Year ASI 2011
100 ## - MAIN ENTRY--PERSONAL NAME
Personal name আসিমভ, আইজাক
Titles and other words associated with a name 1920-1992
245 ## - TITLE STATEMENT
Title ফাউন্ডেশন এন্ড আর্থ /
Statement of responsibility, etc আইজাক আসিমভ : অনুঃ নাজমুছ ছাকিব
260 ## - PUBLICATION, DISTRIBUTION, ETC. (IMPRINT)
Place of publication, distribution, etc ঢাকা :
Name of publisher, distributor, etc সন্দেশ প্রকাশনি,
Date of publication, distribution, etc 2011
300 ## - PHYSICAL DESCRIPTION
Pagination ৩৩৫ পৃ. :
Dimensions ২২ সেমি.
650 ## - SUBJECT ADDED ENTRY--TOPICAL TERM
Topical term or geographic name as entry element Psychohistory
650 ## - SUBJECT ADDED ENTRY--TOPICAL TERM
Topical term or geographic name as entry element Science fiction
General subdivision General
650 ## - SUBJECT ADDED ENTRY--TOPICAL TERM
Topical term or geographic name as entry element Life on other planets
700 ## - ADDED ENTRY--PERSONAL NAME
Personal name ছাকিব, নাজমুছ.
942 ## - ADDED ENTRY ELEMENTS (KOHA)
Source of classification or shelving scheme Dewey Decimal Classification
Koha item type Books
Koha issues (borrowed), all copies 5
Holdings
Source of classification or shelving scheme Damaged status Not for loan Home library Current library Shelving location Date of accession Source of acquisition Cost, normal purchase price Total Checkouts Full call number Barcode Date last seen Date checked out Copy number Koha item type
Dewey Decimal Classification     JCC Rouf Library JCC Rouf Library General Stacks 10/03/2017 IPDC 378.00 4 813.54 ASI 2011 1318 06/13/2022 06/06/2022 C-1 Books

JCC Library | Contacts | JCC Home

Last Update on 23 September 2017
Copyright @ 2017-2020 JCC Rouf Library
Rouf Library, Jhenidah Cadet College (JCC), Bangladesh